| 000 | 00610nam a2200217Ia 4500 | ||
|---|---|---|---|
| 008 | 140626s9999 xx 000 0 und d | ||
| 100 | _aCiochetto, Lynne. | ||
| 245 |
_aAdvertising Vietnam, Cambodia and Laos in the first decade of the 21st century : _b promise of things to come? / _c Lynne.Ciochetto |
||
| 260 | _cc2013. | ||
| 300 | _a40 : 3, page 274 | ||
| 440 | _aMedia Asia | ||
| 521 | _aMC | ||
| 650 | _aAdvertising. | ||
| 650 | _aCambodia. | ||
| 650 | _aCommunication. | ||
| 650 | _aDevelopment. | ||
| 650 | _aLaos. | ||
| 650 | _aOutdoor advertising. | ||
| 650 | _aVietnam. | ||
| 942 | _cSE | ||
| 999 |
_c121211 _d121211 |
||